| 000 | 00654 a2200181 4500 | ||
|---|---|---|---|
| 010 | _aENG-86037 | ||
| 020 |
_a0070657173 _c375.00 |
||
| 035 | _aEN-69570 | ||
| 037 | _bD.B.Act / Pub | ||
| 082 | 1 | 4 | _a483 |
| 100 | 1 | _aDowning, David | |
| 245 | 1 |
_aThe mcgraw-hill dictionary of misspelled and easily confused wrolds: _cby David Downing and Deborah K. Williams _bchoose the right word and spell it correctly / |
|
| 260 |
_aNew Delhi _bTata Mc-Graw Hill Publishing _c2007 |
||
| 270 |
_a7, West Patel Nagar _bNew Delhi _e110 008 |
||
| 300 |
_axii, 516 p. _c22 cm. (Pbk.) |
||
| 700 | 1 | _aWilliams, Deborah K. | |
| 942 |
_adpl _cEN _2ddc _h483 _mDOW |
||
| 999 |
_c4010 _d4010 |
||